Imiona nadane dziewczynkom w 2015 roku - Statystyki

Ogólne statystyki
  • Ten quiz został rozwiązany 31 razy
  • Średni wynik to 77 z 100
Statystyki odpowiedzi
Odpowiedź % Poprawnych
A Anna
100%
H Hanna
100%
L Lena
100%
M Magdalena
100%
Z Zofia
100%
Z Zuzanna
100%
A Alicja
95%
B Barbara
95%
E Ewa
95%
H Helena
95%
J Julia
95%
M Maria
95%
M Milena
95%
N Natalia
95%
P Pola
95%
A Aleksandra
89%
A Amelia
89%
A Anastazja
89%
D Dominika
89%
E Eliza
89%
E Emilia
89%
I Iga
89%
K Katarzyna
89%
M Maja
89%
M Maya
89%
N Nadia
89%
O Olivia
89%
O Oliwia
89%
S Sara
89%
V Victoria
89%
B Blanka
84%
D Daria
84%
D Dorota
84%
I Izabela
84%
K Karolina
84%
K Kinga
84%
K Kornelia
84%
L Laura
84%
Ł Łucja
84%
M Marianna
84%
M Marta
84%
M Martyna
84%
N Nina
84%
R Róża
84%
S Sandra
84%
U Urszula
84%
W Weronika
84%
W Wiktoria
84%
A Adrianna
79%
A Agata
79%
B Bianka
79%
G Gabriela
79%
J Jagoda
79%
K Klara
79%
K Klaudia
79%
M Małgorzata
79%
M Malwina
79%
P Paulina
79%
A Ada
74%
A Agnieszka
74%
A Antonina
74%
K Kaja
74%
L Lilianna
74%
M Monika
74%
N Nicola
74%
N Nikola
74%
P Patrycja
74%
R Rozalia
74%
V Vanessa
74%
D Diana
68%
J Joanna
68%
J Jowita
68%
J Justyna
68%
K Kamila
68%
L Lidia
68%
M Marcelina
68%
M Michalina
68%
N Nel
68%
N Nela
68%
O Olga
68%
L Liliana
63%
M Marlena
63%
R Roksana
63%
J Julita
58%
K Karina
58%
M Marika
58%
M Matylda
58%
M Mia
58%
A Aniela
53%
A Aurelia
53%
E Emma
53%
K Kalina
53%
L Liwia
53%
I Inga
47%
M Melania
47%
N Nicole
47%
N Natasza
42%
D Dagmara
37%
E Elena
37%
J Jessica
32%
Nie znaleziono quizów pasujących do podanych kryteriów
Rozkład punktacji
Procent ludzi z każdym wynikiem
Percentyl według liczby udzielonych odpowiedzi
Twoja historia wyników
Nie rozwiązałeś tego quizu